Understanding arguments : an introduction to informal logic (Record no. 43432)

MARC details
000 -LEADER
fixed length control field 00504nam a2200193Ia 4500
020 ## - INTERNATIONAL STANDARD BOOK NUMBER
ISBN 053462586X
050 ## - CALL MARK
Classification number BC 50 .F63/
100 ## - STATEMENT OF RESPONSIBILITY--MAIN AUTHOR NAME
Personal name Fogelin, Robert J.
245 #0 - TITLE STATEMENT
Title Understanding arguments : an introduction to informal logic
250 ## - EDITION / VOLUME STATEMENT
Edition / Volume statement 7th ed.
260 ## - PUBLICATION, DISTRIBUTION, ETC. (IMPRINT)
Place of publication Australia ; Belmont, CA
260 ## - PUBLICATION, DISTRIBUTION, ETC. (IMPRINT)
Name of publisher Thomson Wadsworth
260 ## - PUBLICATION, DISTRIBUTION, ETC. (IMPRINT)
Year of publication c2005
300 ## - PHYSICAL DESCRIPTION
Number of Pages 619 p
650 ## - SUBJECT ADDED ENTRY--TOPICAL TERM
Topical Term Australia ; Belmont, CA
942 ## - ADDED ENTRY ELEMENTS (KOHA)
Koha item type Books
Holdings
Withdrawn status Lost status Source of classification or shelving scheme Damaged status Not for loan Permanent Location Current Location Shelving location Date acquired Accession Number Price effective from Koha item type
    Library of Congress Classification     NILE UNIVERSITY OF NIGERIA - MAIN LIBRARY NILE UNIVERSITY OF NIGERIA - MAIN LIBRARY Items on shelf 06/03/2025 0185017 06/03/2025 Books